New Mexico Cities A-Z - Statistics

General Stats
  • This quiz has been taken 74 times
    35 since last reset
  • The average score is 7 of 12
Answer Stats
Population Municipality or CDP % Correct
A 564,559 Albuquerque
97%
S 87,505 Santa Fe
88%
L 111,385 Las Cruces
84%
R 104,026 Rio Rancho
75%
F 46,624 Farmington
72%
C 38,567 Clovis
63%
G 21,899 Gallup
63%
H 40,508 Hobbs
59%
P 12,137 Portales
50%
D 14,758 Deming
47%
E 10,526 Espanola
31%
N 11,149 North Valley
9%
No matching quizzes found
Score Distribution
Percent of People with Each Score
Percentile by Number Answered
Your Score History
You have not taken this quiz since the last reset